000 00431nam a2200133Ia 4500
008 231129s1992||||xx |||||||||||||| ||spa||
040 _bspa
082 _a780.42 R436L
100 _aRestrepo Duque Hernan
245 0 _aLo que cuentan los boleros : La historia de 100 hermosos boleros de sus compositores y de sus mejores interpretes...
260 _c1992
264 _aCentro Editorial de Estudios Musicales
942 _2ddc
_cBKS
999 _c19390
_d19390